Redes de acceso de muy alta velocidad e internet móvil de banda ancha- tecnologías, regulación y aspectos comerciales
Presenta una propuesta dirigida a mejorar el sistema de redes de acceso de muy alta velocidad y el internet móvil de banda ancha, resaltando aspectos tecnológicos, comerciales y regulatorios, siendo consciente que la transformación digital traspasa el límite de la tecnología.
| Main Author: | |
|---|---|
| Other Authors: | |
| Format: | Tesis Section = Libro |
| Language: | Undetermined Spanish |
| Published: |
Managua
UNI
2018
|
| Subjects: |
| LEADER | 01094nam a2200253Ia 4500 | ||
|---|---|---|---|
| 008 | 240830s9999 xx 000 0 und d | ||
| 040 | |a BIBLIOTECA-RUSB/ Mon 621.382 R934 | ||
| 041 | |a spa | ||
| 082 | |a Mon 621.382 R934 | ||
| 100 | 1 | |a Ruiz Tückler, Hjalmar | |
| 245 | 1 | 0 | |a Redes de acceso de muy alta velocidad e internet móvil de banda ancha- tecnologías, regulación y aspectos comerciales |
| 260 | |a Managua |b UNI |c 2018 | ||
| 300 | |a 104 p. :il. | ||
| 500 | |a Contiene: anexos y CD. | ||
| 502 | |a Tesis (Ingeniero en Telecomunicaciones) - UNI, 2018. | ||
| 520 | 3 | |a Presenta una propuesta dirigida a mejorar el sistema de redes de acceso de muy alta velocidad y el internet móvil de banda ancha, resaltando aspectos tecnológicos, comerciales y regulatorios, siendo consciente que la transformación digital traspasa el límite de la tecnología. | |
| 650 | 7 | |a RED DE ACCESO | |
| 650 | 7 | |b TELECOMUNICACIONES | |
| 650 | 7 | |c TRANSMISION DE DATOS | |
| 650 | 7 | |d TECNOLOGIA- INTERNET | |
| 700 | 1 | |a Tutor: |b Vargas Chévez, Norman | |
| 942 | |c BK |2 ddc | ||
| 991 | |a TESIS | ||
| 999 | |c 20279 | ||